| 000 | 01091nam a2200253 a 4500 | ||
|---|---|---|---|
| 005 | 20180803165103.0 | ||
| 008 | 140311b1999 nq ||||| |||| 00| 0 spa d | ||
| 040 |
_aCO-BoIAVH _cCO-BoIAVH |
||
| 041 | _aspa | ||
| 044 | _anq | ||
| 082 | 0 | 4 |
_a346.04 _bB61b |
| 090 |
_aLB _b03180 |
||
| 111 | 1 |
_aPrimer Seminario Internacional Biodiversidad, Propiedad Intelectual y Derecho Indígena _cSiuna (Nicaragua) _denero 20-24, 1999 _n1 _933458 |
|
| 245 | 1 | 0 |
_aBiodiversidad, propiedad intelectual y derecho indígena: _bmemoria del primer seminario internacional |
| 260 |
_aManagua: _bUniversidad de las Regiones Autónomas de la Costa Caribe Nicaragüense, _bInstituto de Recursos Naturales, Medio Ambiente y Desarrollo Sostenible, _c1999. |
||
| 300 |
_a323 p. _c28 cm. |
||
| 590 | _aDesprendidas páginas desde la 1 hasta la 28. Para reparación. | ||
| 650 | 4 |
_aComunidades indígenas _933459 |
|
| 650 | 4 |
_aPropiedad intelectual _933460 |
|
| 650 | 4 |
_aConocimiento tradicional _992244 |
|
| 650 | 4 |
_aLegislación ambiental _992309 |
|
| 700 | 1 |
_aMöller Arce, Verónica _919949 |
|
| 942 |
_cLIBRO _2ddc _01 |
||
| 999 |
_c3415 _d3415 |
||